Пластмассы и другие неметаллические материалы в станкостроении за рубежом : (Record no. 462468)
[ view plain ]
| 000 -LEADER | |
|---|---|
| fixed length control field | 01666nam a2200277 a 4500 |
| 003 - CONTROL NUMBER IDENTIFIER | |
| control field | AM-YEHGA |
| 005 - DATE AND TIME OF LATEST TRANSACTION | |
| control field | 20250617160924.0 |
| 008 - FIXED-LENGTH DATA ELEMENTS--GENERAL INFORMATION | |
| fixed length control field | 200110s1961 ru a||||r|||||001|0|rus|| |
| 040 ## - CATALOGING SOURCE | |
| Original cataloging agency | AM-YeHGA |
| 041 0# - LANGUAGE CODE | |
| Language code of text/sound track or separate title | rus |
| 001 - CONTROL NUMBER | |
| control field | 1682848 |
| 090 ## - LOCALLY ASSIGNED LC-TYPE CALL NUMBER (OCLC); LOCAL CALL NUMBER (RLIN) | |
| -- | 465647 |
| 100 1# - MAIN ENTRY--PERSONAL NAME | |
| Personal name | Майорова, Эсфирь Ароновна |
| 245 10 - TITLE STATEMENT | |
| Title | Пластмассы и другие неметаллические материалы в станкостроении за рубежом : |
| Remainder of title | [Обзор] / |
| Statement of responsibility, etc. | [Обзор сост. канд. техн. наук Э.А. Майоровой]. |
| 260 ## - PUBLICATION, DISTRIBUTION, ETC. | |
| Place of publication, distribution, etc. | Москва : |
| Name of publisher, distributor, etc. | ЦБТИ, |
| Date of publication, distribution, etc. | 1961.- |
| 300 ## - PHYSICAL DESCRIPTION | |
| Extent | вып. |
| Other physical details | |
| Dimensions | |
| 490 0# - SERIES STATEMENT | |
| Series statement | XIV серия Машиностроение за рубежом / Гос. ком. Совета Министров СССР по автоматизации и машиностроению. ЦБТИ. Эксперим. науч.-исслед. ин-т металлорежущих станков "ЭНИМС" |
| Volume/sequential designation | Вып. 1 и 2 |
| 500 ## - GENERAL NOTE | |
| General note | Сост. указан на обороте тит. л. |
| 504 ## - BIBLIOGRAPHY, ETC. NOTE | |
| Bibliography, etc. note | Библиогр.: с. 66-70 |
| 505 10 - FORMATTED CONTENTS NOTE | |
| Miscellaneous information | Вып. 1-2 (1961 : 72 с.) |
| 650 14 - SUBJECT ADDED ENTRY--TOPICAL TERM | |
| Topical term or geographic name entry element | Машиностроение |
| General subdivision | Технология машиностроения |
| 650 14 - SUBJECT ADDED ENTRY--TOPICAL TERM | |
| Topical term or geographic name entry element | Машиностроительные материалы, неметаллические |
| 653 0# - INDEX TERM--UNCONTROLLED | |
| Uncontrolled term | Пластмассы - Применение в станкостроении - Иностранный опыт |
| 710 2# - ADDED ENTRY--CORPORATE NAME | |
| Corporate name or jurisdiction name as entry element | Экспериментальный научно-исследовательский институт металлорежущих станков (ЭНИМС) |
| 942 ## - ADDED ENTRY ELEMENTS (KOHA) | |
| Source of classification or shelving scheme | Universal Decimal Classification |
| Koha item type | Գրքեր / Books |
| Withdrawn status | Lost status | Source of classification or shelving scheme | Damaged status | Not for loan | Collection | Home library | Current library | Date acquired | Serial enumeration / chronology | Total checkouts | Full call number | Barcode | Date last seen | Price effective from | Koha item type | Public note |
|---|---|---|---|---|---|---|---|---|---|---|---|---|---|---|---|---|
| Universal Decimal Classification | General | Fundamental Scientific Library | Fundamental Scientific Library | 30/04/2021 | Вып. 1-2 | PII/49370 | FL0645601 | 30/04/2021 | 30/04/2021 | Գրքեր / Books | 30 Days Loan |
ՀՀ Գիտությունների ազգային ակադեմիայի հիմնարար գիտական գրադարան = Fundamental Scientific Library of NAS RA
All site content, except where otherwise noted, is licensed under a